000 00756nam a22002297a 4500
999 _c159400
_d159400
005 20181215171403.0
006 a|||||f|||| 00| 0
007 tc
008 180720b xxu||||| |||| 00| 0 eng d
010 _aB-348053-B-348058
020 _c243.00(per set)
035 _aB-348053
037 _bA.I.C.B.
082 _a480
100 _aDuff, A. MCC.
245 _aTiger's Eye
_cby Alan McConnell Duff
260 _aDelhi
_bA.C.I.B.
_cN.D.
270 _aSector-5, Rohini,
_bNew Delhi
_e110085
_k011-27054082
300 _a3V.,various pages.
_c30cm(HB).
942 _2ddc
_cBRLEN
_h480
_mDUF